00853nam a2200229 a 450000100100000000500170001000800410002702000150006804000250008308200190010810000330012724000470016024500980020726000330030530000280033859000260036665000300039265000320042270000350045495201170048999900170060600003462820240529124643.0111011s1996 mx a r 000 0 spa d a9700513386 aDO-SdBNPbspacBNPHU aB869.42bC672a1 aCoelho, Paulo,d1947-91364910aNa margem do rio piedra eu sentei e chorei10aA orillas del río piedra me senté y lloré /cPaulo Coelho ; traductor Alfonso Indecona. aMéxico :bGrijalbo,c1996. a222 p. :bil. ;c24 cm. aInventariado, 2019/BT 0aNovela brasileña913650 4aLiteratura brasileña98231 aIndecona, Alfonso,etr.922793 001050718MOaGRbGRcHDd2011-10-11iLF1l0oB869.42 C672ap34628-10r2020-06-25w2020-06-25y1ZNo se presta c34119d34119